Loading...
| Current Events | 1 | 20.00 | 100% | 100% | 0% |
| Fine Arts - Auditory Fine Arts | 7 | 12.86 | 86% | 43% | 0% |
| Fine Arts - Other Fine Arts | 3 | 13.33 | 100% | 33% | 0% |
| Fine Arts - Visual Fine Arts | 6 | 15.00 | 83% | 50% | 17% |
| History - American History | 3 | 13.33 | 100% | 0% | 33% |
| History - European History | 4 | 12.50 | 100% | 25% | 0% |
| History - Other History | 2 | 10.00 | 100% | 0% | 0% |
| History - World History | 6 | 10.00 | 100% | 0% | 0% |
| Literature - American Literature | 5 | 12.00 | 100% | 20% | 0% |
| Literature - British Literature | 2 | 10.00 | 50% | 50% | 0% |
| Literature - European Literature | 3 | 13.33 | 100% | 33% | 0% |
| Literature - World Literature | 7 | 12.86 | 100% | 29% | 0% |
| Mythology | 1 | 10.00 | 100% | 0% | 0% |
| Philosophy | 4 | 12.50 | 100% | 25% | 0% |
| Pop Culture | 1 | 20.00 | 100% | 100% | 0% |
| Religion | 3 | 16.67 | 100% | 33% | 33% |
| Science - Biology | 4 | 12.50 | 100% | 25% | 0% |
| Science - Chemistry | 5 | 10.00 | 100% | 0% | 0% |
| Science - Other Science | 4 | 12.50 | 100% | 25% | 0% |
| Science - Physics | 2 | 10.00 | 50% | 50% | 0% |
| Social Science | 5 | 12.00 | 100% | 20% | 0% |